| 000 | 00554nam a2200205Ia 4500 | ||
|---|---|---|---|
| 003 | OSt | ||
| 005 | 20220927114242.0 | ||
| 006 | a|||||r|||| 00| 0 | ||
| 007 | ta | ||
| 008 | 220926b |||||||| |||| 00| 0 eng d | ||
| 024 | _a149401 | ||
| 037 | _cTextbook | ||
| 040 |
_aRTL _cRTL _beng |
||
| 041 |
_2eng _aeng |
||
| 082 | _a"Y, TD" | ||
| 100 |
_aHAREVEN Taamara K Ed. _9387941 |
||
| 245 | 0 |
_aTransitions _b The family and the life course in historical perspective |
|
| 942 |
_h"Y, TD" _cCC |
||
| 999 |
_c703801 _d703801 |
||